Métodos de investigación : II /

Contenido: 1) Lógica y metodología; 2) Comprobación de hipótesis; 3) Técnicas de recolección y de muestreo; 4) Análisis descriptivo de los datos; 5) Análisis dinámico de los datos; 6) Leyes, teorías y modelos.

-д хадгалсан:
Номзүйн дэлгэрэнгүй
Үндсэн зохиолч: Castañeda Jiménez, Juan (autor)
Формат: Ном
Хэл сонгох:испани
Хэвлэсэн: México : McGraw-Hill, 1996, c1996
Нөхцлүүд:
Шошгууд: Шошго нэмэх
Шошго байхгүй, Энэхүү баримтыг шошголох эхний хүн болох!

MARC

LEADER 00000nam^a2200000^a^4500
001 000322558
005 20250521000000.0
009 20260310113614.948
020 |a 970-10-0928-2 
037 |a Acervo ITESO - Biblioteca 
041 |a ESP 
082 |a 001. 42  |b CAS V. 2 
100 |a Castañeda Jiménez, Juan  |e (autor) 
240 1 1 |a [Métodos de investigación] 
245 1 0 |a Métodos de investigación :  |b II /  |c J. Castañeda Jiménez. 
264 4 |a México :  |b McGraw-Hill,  |c 1996, c1996 
300 |a 169 p. 
336 |a texto  |b txt  |2 rdacontenido 
337 |a sin mediación  |b n  |2 rdamedio 
338 |a volumen  |b nc  |2 rdasoporte 
520 |a Contenido: 1) Lógica y metodología; 2) Comprobación de hipótesis; 3) Técnicas de recolección y de muestreo; 4) Análisis descriptivo de los datos; 5) Análisis dinámico de los datos; 6) Leyes, teorías y modelos. 
649 |a XX 
650 |a Prueba de Hipótesis 
650 |a Análisis de Datos 
650 |a Ciencia -  |x Metodología 
650 |a Investigación -  |x Metodología -  |x Tema Principal 
650 |a Metodología 
650 |a Investigación 
910 |a Fondo General 
920 |a Impresos - Libros 
930 |a Colección General 
905 |a 101 
901 |a 0500209940  |b IT1  |c ACC  |u 20250521 
902 |a https://opac.biblio.iteso.mx/vufind/Record/000322558